[Event "Melbourne op"]
[Site "Melbourne"]
[Date "2024.04.03"]
[Round "2"]
[White "Szuveges, Narelle"]
[Black "Tang, Terrence"]
[Result "0-1"]
[WhiteElo "1702"]
[BlackElo "1971"]
[PlyCount "126"]
[EventDate "2024.04.03"]
[EventType "swiss"]
[EventRounds "9"]
[EventCountry "AUS"]
[SourceTitle "CBM 219 Extra"]
[Source "ChessBase"]
[SourceDate "2024.05.31"]
[SourceVersion "1"]
[SourceVersionDate "2024.05.31"]
[SourceQuality "1"]

1. d4 d5 2. g3 Nf6 3. Bg2 e6 4. Nf3 c5 5. e3 Nc6 6. 0-0 Bd6 7. b3 0-0 8. Bb2 cxd4 9. exd4 Bd7 10. Nbd2 b5 11. c4 bxc4 12. bxc4 Rb8 13. Bc3 dxc4 14. Nxc4 Bc7 15. Nfe5 Nxe5 16. Nxe5 Bb5 17. Re1 Qc8 18. Rc1 Qa6 19. Qd2 Rfd8 20. Bb4 Bb6 21. Nc6 Bxc6 22. Rxc6 Qb5 23. a3 Rxd4 24. Qc2 Qd3 25. Qxd3 Rxd3 26. Rec1 Ng4 27. Bc5 Ne5 28. Be4 Rd7 29. Bxb6 Nxc6 30. Bxc6 Rc8 31. Ba5 Rd6 32. Kg2 Rdxc6 33. Rd1 h6 34. Rd7 Ra6 35. Bb4 Ra4 36. Rb7 g5 37. h4 gxh4 38. gxh4 a5 39. Be7 Kg7 40. Rb3 f6 41. Rb7 Kg6 42. Ra7 h5 43. Bb4 Rc4 44. Bxa5 Rxa3 45. Bb6 Rxa7 46. Bxa7 Rxh4 47. f3 Ra4 48. Bb6 Kf5 49. Bd8 e5 50. Kg3 e4 51. fxe4+ Rxe4 52. Kf3 Ra4 53. Be7 h4 54. Bd6 Rd4 55. Bb8 Rd3+ 56. Kg2 Kg4 57. Bc7 Rd2+ 58. Kg1 f5 59. Ba5 Rc2 60. Bd8 Kg3 61. Kf1 h3 62. Be7 h2 63. Bd6+ f4 0-1

[Event "Australian Masters (Women)"]
[Site "Melbourne"]
[Date "2015.01.20"]
[Round "9"]
[White "Quek, Shi Ning Kristine"]
[Black "Szuveges, Narelle"]
[Result "0-1"]
[WhiteElo "1851"]
[BlackElo "1780"]
[PlyCount "80"]
[EventDate "2015.01.12"]
[EventType "tourn"]
[EventRounds "9"]
[EventCountry "AUS"]
[SourceTitle "CBM 164 Extra"]
[Source "ChessBase"]
[SourceDate "2015.03.02"]
[SourceVersion "1"]
[SourceVersionDate "2015.03.02"]
[SourceQuality "1"]

1. e4 c6 2. d4 d5 3. e5 Bf5 4. h4 h5 5. Be2 Bg6 6. Nf3 e6 7. Bg5 Be7 8. Be3 Qb6 9. Qc1 Nd7 10. Nbd2 Nh6 11. c3 Nf5 12. Bg5 0-0-0 13. Bxe7 Nxe7 14. 0-0 Kb8 15. b4 f6 16. a4 Qc7 17. Re1 fxe5 18. Ng5 Qd6 19. dxe5 Nxe5 20. Ndf3 Nxf3+ 21. Bxf3 e5 22. g3 Nf5 23. Qb2 Qf6 24. b5 c5 25. c4 e4 26. Qc1 Nd4 27. Bd1 Rhf8 28. Ra2 Bf7 29. Nxf7 Qxf7 30. cxd5 Qxd5 31. Rb2 Rc8 32. Qe3 Rfe8 33. Rd2 Qe5 34. Kg2 Nf3 35. Bxf3 exf3+ 36. Kxf3 Qf5+ 37. Qf4+ Qxf4+ 38. gxf4 Rxe1 39. Rd5 g6 40. f5 Rf8 0-1

[Event "Australian Masters (Women)"]
[Site "Melbourne"]
[Date "2015.01.19"]
[Round "8"]
[White "Szuveges, Narelle"]
[Black "Richards, Heather"]
[Result "0-1"]
[WhiteElo "1780"]
[BlackElo "2165"]
[PlyCount "114"]
[EventDate "2015.01.12"]
[EventType "tourn"]
[EventRounds "9"]
[EventCountry "AUS"]
[SourceTitle "CBM 164 Extra"]
[Source "ChessBase"]
[SourceDate "2015.03.02"]
[SourceVersion "1"]
[SourceVersionDate "2015.03.02"]
[SourceQuality "1"]

1. d4 e6 2. c4 Bb4+ 3. Bd2 a5 4. a3 Bxd2+ 5. Qxd2 a4 6. Nc3 d6 7. Nf3 Bd7 8. e4 Nc6 9. Be2 e5 10. dxe5 dxe5 11. 0-0 Nf6 12. Qg5 Qe7 13. Nd5 Nxd5 14. cxd5 Qxg5 15. Nxg5 Nd4 16. Bd3 0-0 17. f4 Nb3 18. Rae1 h6 19. Nf3 exf4 20. Ne5 Nc5 21. Bc4 g5 22. Nxd7 Nxd7 23. e5 Nb6 24. Ba2 Rad8 25. Rd1 Rfe8 26. Rfe1 Kg7 27. Rc1 Re7 28. Rc5 Nd7 29. Rxc7 Rxe5 30. Rxe5 Nxe5 31. Rxb7 Ng4 32. h3 Ne3 33. Rb4 Rc8 34. d6 Rc2 35. Rd4 Rxg2+ 36. Kh1 f3 37. Bd5 Nxd5 38. Rxd5 Rg3 39. d7 f2 40. Rd1 f1Q+ 41. Rxf1 Rxh3+ 42. Kg2 Rd3 43. Re1 Rxd7 44. Re4 Rd2+ 45. Kg3 Rxb2 46. Rxa4 h5 47. Ra5 Kg6 48. Ra6+ f6 49. Ra8 h4+ 50. Kh3 Rb3+ 51. Kg2 g4 52. a4 Rb2+ 53. Kg1 Ra2 54. a5 Kf5 55. Rh8 h3 56. Kh1 Kf4 57. Rh6 Kg3 0-1

[Event "Australian Masters (Women)"]
[Site "Melbourne"]
[Date "2015.01.15"]
[Round "4"]
[White "Ryjanova, Julia"]
[Black "Szuveges, Narelle"]
[Result "1-0"]
[WhiteElo "2413"]
[BlackElo "1780"]
[PlyCount "58"]
[EventDate "2015.01.12"]
[EventType "tourn"]
[EventRounds "9"]
[EventCountry "AUS"]
[SourceTitle "CBM 164 Extra"]
[Source "ChessBase"]
[SourceDate "2015.03.02"]
[SourceVersion "1"]
[SourceVersionDate "2015.03.02"]
[SourceQuality "1"]

1. d4 c5 2. d5 Nf6 3. c4 b5 4. cxb5 a6 5. b6 Qxb6 6. Nc3 g6 7. Nf3 d6 8. a4 a5 9. e4 Bg7 10. Bb5+ Bd7 11. Nd2 0-0 12. 0-0 Na6 13. Nc4 Qc7 14. Re1 Nb4 15. Bg5 h6 16. Bxf6 Bxf6 17. Bxd7 Qxd7 18. Nb6 Qa7 19. Nxa8 Qxa8 20. Qd2 Rb8 21. Rad1 Kh7 22. f4 c4 23. e5 Bg7 24. exd6 Nd3 25. dxe7 Rxb2 26. Qxb2 Qa7+ 27. Kf1 Bxc3 28. Rxd3 Bxb2 29. e8Q Bg7 1-0

[Event "Surfers Paradise op"]
[Site "Gold Coast"]
[Date "2008.08.30"]
[Round "3"]
[White "Caoili, Arianne"]
[Black "Szuveges, Narelle"]
[Result "1-0"]
[WhiteElo "2154"]
[BlackElo "1841"]
[PlyCount "57"]
[EventDate "2008.08.29"]
[EventType "swiss"]
[EventRounds "6"]
[EventCountry "AUS"]
[SourceTitle "EXT 2009"]
[Source "ChessBase"]
[SourceDate "2008.11.26"]
[SourceVersion "1"]
[SourceVersionDate "2008.11.26"]
[SourceQuality "1"]

1. d4 Nf6 2. Nf3 b6 3. c4 Bb7 4. Nc3 e6 5. a3 Ne4 6. Qc2 Nxc3 7. Qxc3 Be7 8. e3 0-0 9. Bd3 f5 10. b4 d6 11. Bb2 Nd7 12. Qb3 a5 13. b5 Qe8 14. 0-0-0 Kh8 15. Rhe1 Be4 16. Bf1 Bf6 17. Nd2 Qh5 18. g3 Qg5 19. f4 Qh6 20. Nxe4 fxe4 21. Bg2 Qg6 22. Qc2 d5 23. Bh3 Qf7 24. g4 Be7 25. Rf1 Bd6 26. Kb1 Rfd8 27. Ka2 Rac8 28. cxd5 exd5 29. g5 1-0

[Event "Surfers Paradise op"]
[Site "Gold Coast"]
[Date "2008.08.30"]
[Round "4"]
[White "Szuveges, Narelle"]
[Black "Lester, George E"]
[Result "1-0"]
[WhiteElo "1841"]
[BlackElo "1799"]
[PlyCount "95"]
[EventDate "2008.08.29"]
[EventType "swiss"]
[EventRounds "6"]
[EventCountry "AUS"]
[SourceTitle "EXT 2009"]
[Source "ChessBase"]
[SourceDate "2008.11.26"]
[SourceVersion "1"]
[SourceVersionDate "2008.11.26"]
[SourceQuality "1"]

1. d4 Nf6 2. c4 g6 3. Nc3 Bg7 4. Nf3 0-0 5. h3 d6 6. Bf4 Bf5 7. e3 Ne4 8. Nxe4 Bxe4 9. Bd3 Bxd3 10. Qxd3 c5 11. 0-0 Qb6 12. Rab1 Nc6 13. d5 Nb4 14. Qa3 Qc7 15. Qb3 Qb6 16. Qa3 e5 17. Bg3 f5 18. Ng5 Bf6 19. Ne6 Rf7 20. Qa4 Qa6 21. Qxa6 Nxa6 22. a3 Nc7 23. Nxc7 Rxc7 24. Rfc1 g5 25. f3 f4 26. Bf2 e4 27. fxe4 Re8 28. exf4 gxf4 29. Re1 Rce7 30. e5 Bxe5 31. b4 b6 32. bxc5 bxc5 33. Kf1 Rf8 34. Rb3 Rff7 35. Bh4 Rb7 36. Reb1 Rxb3 37. Rxb3 Kg7 38. a4 Kg6 39. Ke2 Kh5 40. Bf2 Kg5 41. Kf3 Re7 42. Be1 Bd4 43. Bd2 Rf7 44. a5 Be3 45. Be1 Bc1 46. a6 Kg6 47. Rb7 h5 48. Ba5 1-0

[Event "Adelaide Checkmate op"]
[Site "Adelaide"]
[Date "2008.07.05"]
[Round "1"]
[White "Szuveges, Narelle"]
[Black "Rujevic, Mirko"]
[Result "0-1"]
[WhiteElo "1711"]
[BlackElo "2207"]
[PlyCount "88"]
[EventDate "2008.07.05"]
[EventType "swiss"]
[EventRounds "7"]
[EventCountry "AUS"]
[SourceTitle "EXT 2010"]
[Source "ChessBase"]
[SourceDate "2010.11.25"]
[SourceVersion "1"]
[SourceVersionDate "2010.11.25"]
[SourceQuality "1"]

1. d4 g6 2. c4 Bg7 3. Nc3 d6 4. Nf3 Nf6 5. h3 0-0 6. Bf4 Nc6 7. e3 Re8 8. Be2 h6 9. 0-0 Nd7 10. Bh2 e5 11. d5 Ne7 12. Qc2 f5 13. Rfd1 a6 14. Rac1 g5 15. Nd2 Nf6 16. Nf1 Rf8 17. b4 f4 18. e4 h5 19. f3 g4 20. fxg4 hxg4 21. hxg4 Nxg4 22. Bf3 Ng6 23. Qe2 Qg5 24. Rd2 Nh4 25. Kh1 Rf6 26. Nd1 Rh6 27. Nf2 Nxf3 28. gxf3 Ne3 29. Nxe3 fxe3 30. Rdc2 exf2 31. Qxf2 Bh3 32. c5 Rf8 33. Rg1 Qh5 34. Rg3 Rhf6 35. Qg1 R6f7 36. Rf2 Kh7 37. Rg5 Qh4 38. Qg3 Qxg3 39. Rxg3 Bd7 40. Kg1 Bh6 41. Kg2 Bf4 42. Rh3+ Bxh3+ 43. Kxh3 Bxh2 44. Rxh2 Rg7 0-1

[Event "Doeberl Cup 46th"]
[Site "Canberra"]
[Date "2008.03.20"]
[Round "1"]
[White "Dowden, R Anthony"]
[Black "Szuveges, Narelle"]
[Result "1-0"]
[WhiteElo "2170"]
[BlackElo "1867"]
[PlyCount "173"]
[EventDate "2008.03.20"]
[EventType "swiss"]
[EventRounds "9"]
[EventCountry "AUS"]
[SourceTitle "CBM 123 Extra"]
[Source "ChessBase"]
[SourceDate "2008.05.06"]
[SourceVersion "1"]
[SourceVersionDate "2008.05.06"]
[SourceQuality "1"]

1. e4 c5 2. b3 d6 3. Bb2 Nf6 4. Nc3 e6 5. f4 a6 6. Nf3 Nc6 7. d3 Be7 8. Be2 b5 9. Qd2 Qb6 10. 0-0 0-0 11. Kh1 d5 12. e5 Nd7 13. Rae1 Rd8 14. f5 d4 15. fxe6 fxe6 16. Ne4 Ndxe5 17. Nxe5 Nxe5 18. Bh5 Bd7 19. Ng5 Rf8 20. Bc1 Bf6 21. Qe2 Bc6 22. Bf4 Bxg5 23. Bxg5 Qb7 24. Rxf8+ Rxf8 25. Qxe5 Bxg2+ 26. Kg1 Bh3 27. Qe4 Qc7 28. Bf3 Qf7 29. Kf2 Qh5 30. Rg1 h6 31. Ke2 Qf7 32. Bxh6 Bf5 33. Qe5 Bxd3+ 34. Kd2 Bg6 35. Bh5 Qf2+ 36. Be2 Qf6 37. Qxf6 Rxf6 38. Bg5 Rf2 39. Ke1 Rf7 40. Bd3 Bxd3 41. cxd3 Rf3 42. Rg3 Rf5 43. Bh6 Rf7 44. Ke2 Kf8 45. Bg5 Ke8 46. Rf3 Rc7 47. Bf4 Rc6 48. Be5 g6 49. h4 Ke7 50. Rf6 c4 51. dxc4 bxc4 52. bxc4 Rxc4 53. Kd3 Ra4 54. Rxg6 Rxa2 55. Rg7+ Kf8 56. Rh7 Ra1 57. Bxd4 Re1 58. Bc3 Rh1 59. Ke4 Rh3 60. Bf6 a5 61. Ra7 a4 62. Kf4 Rh2 63. Rxa4 Kf7 64. Bg5 Kg6 65. Ra6 Re2 66. Ra5 Re1 67. Re5 Rf1+ 68. Kg3 Kf7 69. Re2 Rg1+ 70. Kf4 Rh1 71. Re3 Kg7 72. Rxe6 Rh3 73. Re3 Rh1 74. Rg3 Kh7 75. Bf6 Rh2 76. Kf5 Rf2+ 77. Ke6 Ra2 78. Kf7 Ra7+ 79. Be7 Ra6 80. Rg5 Rh6 81. Rg7+ Kh8 82. Rg8+ Kh7 83. Rg7+ Kh8 84. Rg6 Rh5 85. Bf6+ Kh7 86. Rg7+ Kh6 87. Rg8 1-0

[Event "Melbourne Elwood op"]
[Site "Melbourne"]
[Date "2007.11.03"]
[Round "1"]
[White "Szuveges, Narelle"]
[Black "Solomon, Stephen J"]
[Result "0-1"]
[WhiteElo "1854"]
[BlackElo "2465"]
[PlyCount "97"]
[EventDate "2007.11.03"]
[EventType "swiss"]
[EventRounds "7"]
[EventCountry "AUS"]
[SourceTitle "EXT 2009"]
[Source "ChessBase"]
[SourceDate "2008.11.26"]
[SourceVersion "1"]
[SourceVersionDate "2008.11.26"]
[SourceQuality "1"]

1. c4 e6 2. Nc3 d5 3. cxd5 exd5 4. d4 c6 5. Bf4 Bf5 6. e3 Qb6 7. Qd2 Nf6 8. a3 Nbd7 9. Nf3 Be7 10. Be2 a5 11. 0-0 a4 12. Rfd1 0-0 13. Bd3 Bxd3 14. Qxd3 Rfe8 15. h3 Qa6 16. Qc2 Nb6 17. Nd2 Nfd7 18. Rac1 g6 19. Bc7 Bf8 20. Re1 Bg7 21. Na2 Bf8 22. Bf4 Re6 23. Qc3 Qa5 24. Bc7 Qxc3 25. Rxc3 Bd6 26. Bxd6 Rxd6 27. Rec1 f5 28. g3 Nf6 29. f4 Ne4 30. Nxe4 fxe4 31. Kf2 Ra5 32. R3c2 Rb5 33. Nb4 Nc4 34. Ke2 Kf7 35. g4 b6 36. h4 Ke6 37. Rh1 c5 38. dxc5 bxc5 39. h5 cxb4 40. axb4 Rxb4 41. hxg6 hxg6 42. Rh6 Kd7 43. Rh7+ Kc6 44. Ra7 Rxb2 45. Rxb2 Nxb2 46. Kd2 Nc4+ 47. Ke2 a3 48. Ra6+ Kb5 49. Ke1 0-1

[Event "Canberra ANU op"]
[Site "Canberra"]
[Date "2007.07.30"]
[Round "7"]
[White "Russell, Luthien"]
[Black "Szuveges, Narelle"]
[Result "1-0"]
[WhiteElo "1269"]
[BlackElo "1702"]
[PlyCount "121"]
[EventDate "2007.07.28"]
[EventType "swiss"]
[EventRounds "7"]
[EventCountry "AUS"]
[SourceTitle "EXT 2010"]
[Source "ChessBase"]
[SourceDate "2010.11.25"]
[SourceVersion "1"]
[SourceVersionDate "2010.11.25"]
[SourceQuality "1"]

1. e4 c5 2. Nf3 d6 3. d4 cxd4 4. Nxd4 Nf6 5. Nc3 a6 6. Bc4 e6 7. Bb3 b5 8. Bg5 Be7 9. Qf3 Qd7 10. 0-0-0 Bb7 11. Qe3 Nc6 12. Nxc6 Qxc6 13. f3 0-0 14. Kb1 a5 15. a3 a4 16. Ba2 Ba6 17. h4 Rfc8 18. h5 Bd8 19. h6 g6 20. Qd4 Ne8 21. Bxd8 Rxd8 22. f4 Qc5 23. Qxc5 dxc5 24. e5 Bb7 25. Nxb5 Bxg2 26. Rhg1 Bf3 27. Rdf1 Bd5 28. Bxd5 Rxd5 29. Nc3 Rd4 30. Nb5 Rd2 31. Rh1 Rb8 32. Nc3 Rd4 33. Rh2 Nc7 34. Rg2 Nd5 35. Nxd5 Rxd5 36. Rh2 Rd4 37. Rg2 Kf8 38. c3 Rd3 39. Rh2 Rbd8 40. Kc2 c4 41. Rff2 Ke7 42. Rf1 R8d5 43. Rff2 Kd7 44. Rd2 Kc6 45. Rxd3 cxd3+ 46. Kd2 Kc5 47. Rh3 Kc4 48. Rg3 Rb5 49. Rxd3 Rxb2+ 50. Ke3 Rh2 51. Rd4+ Kxc3 52. Rxa4 Rxh6 53. Ra7 Rh1 54. Rxf7 Re1+ 55. Kf2 Rh1 56. Rf6 Kd4 57. Rxe6 Ke4 58. Rf6 Rh2+ 59. Kg3 Ra2 60. Ra6 Kf5 61. Ra7 1-0

[Event "Canberra ANU op"]
[Site "Canberra"]
[Date "2007.07.29"]
[Round "5"]
[White "Szuveges, Narelle"]
[Black "Bliznyuk, Andrey"]
[Result "0-1"]
[WhiteElo "1702"]
[BlackElo "1931"]
[PlyCount "114"]
[EventDate "2007.07.28"]
[EventType "swiss"]
[EventRounds "7"]
[EventCountry "AUS"]
[SourceTitle "EXT 2010"]
[Source "ChessBase"]
[SourceDate "2010.11.25"]
[SourceVersion "1"]
[SourceVersionDate "2010.11.25"]
[SourceQuality "1"]

1. d4 Nf6 2. c4 c5 3. d5 d6 4. Nc3 g6 5. e4 Bg7 6. h3 0-0 7. Bd3 e6 8. Nf3 e5 9. Be3 a6 10. a4 Nbd7 11. g4 Ne8 12. Qc2 Rb8 13. Ke2 Nc7 14. Rag1 b5 15. axb5 Nb6 16. bxa6 Nxa6 17. h4 Nb4 18. Qd2 Nxd3 19. Qxd3 Nxc4 20. Qxc4 Rxb2+ 21. Nd2 Rb4 22. Qa2 Qb6 23. Nd1 Ba6+ 24. Ke1 Qb5 25. Nc3 Qd3 26. Qa1 Rfb8 27. Qc1 Rb2 28. Rg3 Rc2 29. Qd1 Qxc3 30. Bg5 Qb2 31. Rhh3 Rc1 32. Rb3 Rxd1+ 33. Kxd1 Qa1+ 34. Kc2 Qa4 35. Kc1 Rxb3 36. Rxb3 h6 37. Be3 c4 38. Rb8+ Kh7 39. Nb1 c3 40. Nxc3 Qa1+ 41. Kc2 Qf1 42. Rb6 Bf8 43. g5 hxg5 44. hxg5 Bd3+ 45. Kd2 Bc4 46. Kc2 Kg7 47. Rb7 Qa1 48. Rc7 Qf1 49. Rb7 Be2 50. Ra7 Bf3 51. Ra4 Qg2 52. Rb4 Be7 53. Rc4 Bxg5 54. Bxg5 Qxg5 55. Kd3 f5 56. Ra4 Bxe4+ 57. Nxe4 fxe4+ 0-1

[Event "Canberra ANU op"]
[Site "Canberra"]
[Date "2007.07.28"]
[Round "4"]
[White "Grcic, Milan"]
[Black "Szuveges, Narelle"]
[Result "1-0"]
[WhiteElo "1789"]
[BlackElo "1702"]
[PlyCount "45"]
[EventDate "2007.07.28"]
[EventType "swiss"]
[EventRounds "7"]
[EventCountry "AUS"]
[SourceTitle "EXT 2010"]
[Source "ChessBase"]
[SourceDate "2010.11.25"]
[SourceVersion "1"]
[SourceVersionDate "2010.11.25"]
[SourceQuality "1"]

1. d4 Nf6 2. Nf3 g6 3. Nc3 Bg7 4. e4 d6 5. Be3 0-0 6. Qd2 b6 7. Bh6 Bb7 8. Bd3 c5 9. d5 Na6 10. a3 Nc7 11. h4 a6 12. h5 Nxh5 13. Bxg7 Kxg7 14. g4 Nf6 15. Qh6+ Kh8 16. Ng5 b5 17. Nxh7 Ng8 18. Qh4 Kg7 19. Ng5 Nh6 20. Qxh6+ Kf6 21. Nh7+ Ke5 22. f4+ Kd4 23. Ne2+ 1-0

[Event "Canberra ANU op"]
[Site "Canberra"]
[Date "2007.07.28"]
[Round "3"]
[White "Oliver, Shannon"]
[Black "Szuveges, Narelle"]
[Result "1-0"]
[WhiteElo "1789"]
[BlackElo "1702"]
[PlyCount "77"]
[EventDate "2007.07.28"]
[EventType "swiss"]
[EventRounds "7"]
[EventCountry "AUS"]
[SourceTitle "EXT 2010"]
[Source "ChessBase"]
[SourceDate "2010.11.25"]
[SourceVersion "1"]
[SourceVersionDate "2010.11.25"]
[SourceQuality "1"]

1. e4 c5 2. Nf3 d6 3. d4 cxd4 4. Nxd4 Nf6 5. Nc3 a6 6. Bc4 e6 7. Bb3 Be7 8. Qf3 0-0 9. Be3 Qc7 10. 0-0-0 Nc6 11. Qg3 Rd8 12. f4 Nxd4 13. Bxd4 b5 14. f5 e5 15. Be3 Bb7 16. Bh6 Bf8 17. Bd5 Bxd5 18. Nxd5 Nxd5 19. Rxd5 Rac8 20. Rd2 f6 21. Rf2 Kh8 22. Be3 d5 23. exd5 Rxd5 24. Qf3 Rd6 25. Rd1 Rc6 26. Qe4 Rc4 27. Qd3 Bc5 28. Bxc5 Rxc5 29. Rfd2 h6 30. Kb1 Rc4 31. Qe2 Qf7 32. Rd7 Qe8 33. c3 R4c7 34. R7d3 Kh7 35. R1d2 Qf7 36. Qd1 Qc4 37. Qh5 Qf7 38. Qg4 Rc4 39. Qg3 1-0

[Event "Adelaide Checkmate op"]
[Site "Adelaide"]
[Date "2007.07.08"]
[Round "5"]
[White "Szuveges, Narelle"]
[Black "Dizdarevic, Mehmedalija"]
[Result "1-0"]
[WhiteElo "1702"]
[BlackElo "1956"]
[PlyCount "86"]
[EventDate "2007.07.07"]
[EventType "swiss"]
[EventRounds "7"]
[EventCountry "AUS"]
[SourceTitle "EXT 2010"]
[Source "ChessBase"]
[SourceDate "2010.11.25"]
[SourceVersion "1"]
[SourceVersionDate "2010.11.25"]
[SourceQuality "1"]

1. d4 Nf6 2. c4 c5 3. d5 b5 4. cxb5 a6 5. bxa6 Bxa6 6. Nc3 g6 7. e4 Bxf1 8. Kxf1 d6 9. Nf3 Bg7 10. g3 0-0 11. Kg2 Nbd7 12. h3 Qa5 13. Re1 Ne8 14. Re2 Ne5 15. Nxe5 Bxe5 16. Bg5 Ra7 17. Rc1 Qb5 18. Bh6 Ng7 19. Rcc2 f5 20. Bxg7 Kxg7 21. exf5 Rxf5 22. Kg1 Qb7 23. Rcd2 Qd7 24. h4 h6 25. Re4 Qe8 26. Kg2 Qa8 27. Qe2 Qf8 28. Qd3 Ra5 29. a3 Ra8 30. Nd1 Rb8 31. Ree2 Qf7 32. Ne3 Rf3 33. Qe4 Rf8 34. Nd1 g5 35. Re3 Rf5 36. hxg5 hxg5 37. Re1 Qf6 38. Ree2 Qh6 39. Ne3 R5f7 40. Ng4 Qh5 41. Re1 Bd4 42. Rxd4 Rh8 43. Rd2 Qh3+ 1-0

[Event "Sydney op"]
[Site "Parramatta"]
[Date "2007.04.13"]
[Round "6"]
[White "Szuveges, Narelle"]
[Black "Vlietstra, Marc D"]
[Result "0-1"]
[WhiteElo "1841"]
[BlackElo "2022"]
[PlyCount "100"]
[EventDate "2007.04.10"]
[EventType "swiss"]
[EventRounds "9"]
[EventCountry "AUS"]
[SourceTitle "EXT 2023"]
[Source "ChessBase"]
[SourceDate "2022.10.05"]
[SourceVersion "1"]
[SourceVersionDate "2022.10.05"]
[SourceQuality "1"]

1. d4 Nf6 2. c4 e6 3. Nc3 Bb4 4. Qc2 b6 5. a3 Bxc3+ 6. Qxc3 Bb7 7. Bg5 d6 8. e3 Nbd7 9. f3 h6 10. Bh4 e5 11. d5 Rc8 12. Bf2 0-0 13. e4 Nh5 14. Bd3 a5 15. b4 Ra8 16. Rc1 axb4 17. axb4 Ra2 18. Ne2 Qg5 19. 0-0 Rxe2 20. g3 Ra2 21. Rc2 Rfa8 22. Rxa2 Rxa2 23. Ra1 Rxa1+ 24. Qxa1 Qd8 25. Qc3 Nhf6 26. c5 bxc5 27. bxc5 Nxc5 28. Bxc5 dxc5 29. Qxe5 Qd6 30. Qc3 Nd7 31. Bc4 Qe5 32. Qb3 Nb6 33. Bf1 Qa1 34. Qb5 Qd4+ 35. Kg2 g6 36. Qe8+ Kg7 37. Qb8 Bxd5 38. exd5 Nxd5 39. Ba6 Ne3+ 40. Kh3 Qe5 41. g4 h5 42. gxh5 Qe6+ 43. Kg3 Nf5+ 44. Kf2 Qxa6 45. hxg6 Qa2+ 46. Kf1 Qc4+ 47. Kf2 Qc2+ 48. Kf1 Qd1+ 49. Kf2 Qd2+ 50. Kf1 Ne3+ 0-1

[Event "Sydney op"]
[Site "Parramatta"]
[Date "2007.04.12"]
[Round "5"]
[White "Zirdum, Ivan"]
[Black "Szuveges, Narelle"]
[Result "1-0"]
[WhiteElo "2061"]
[BlackElo "1841"]
[PlyCount "59"]
[EventDate "2007.04.10"]
[EventType "swiss"]
[EventRounds "9"]
[EventCountry "AUS"]
[SourceTitle "EXT 2023"]
[Source "ChessBase"]
[SourceDate "2022.10.05"]
[SourceVersion "1"]
[SourceVersionDate "2022.10.05"]
[SourceQuality "1"]

1. e4 e5 2. Nc3 Nf6 3. Bc4 Bc5 4. d3 d6 5. Bg5 c6 6. Qd2 Be6 7. Nf3 Nbd7 8. 0-0 h6 9. Be3 0-0 10. Bxc5 Nxc5 11. b4 Bxc4 12. dxc4 Ne6 13. Rad1 Qc7 14. Qd3 Rad8 15. Nh4 Rd7 16. Nf5 Rfd8 17. Qf3 Kh7 18. Rfe1 Qb6 19. a3 Qa6 20. Re3 Qxc4 21. Red3 d5 22. Ne3 Qa6 23. Qf5+ Kh8 24. exd5 cxd5 25. Ncxd5 Nd4 26. Qxe5 Nxd5 27. Rxd4 Qxa3 28. Nxd5 Rxd5 29. Rxd5 Rxd5 30. Qxd5 1-0

[Event "Doeberl Cup 44th"]
[Site "Canberra"]
[Date "2006.04.14"]
[Round "2"]
[White "Szuveges, Narelle"]
[Black "Mendes da Costa, Alex"]
[Result "1-0"]
[WhiteElo "1713"]
[BlackElo "1935"]
[PlyCount "97"]
[EventDate "2006.04.14"]
[EventType "swiss"]
[EventRounds "7"]
[EventCountry "AUS"]
[SourceTitle "CBM 111 Extra"]
[Source "ChessBase"]
[SourceDate "2006.05.09"]
[SourceVersion "1"]
[SourceVersionDate "2006.05.09"]
[SourceQuality "1"]

1. d4 Nf6 2. c4 c5 3. d5 b5 4. cxb5 a6 5. bxa6 Bxa6 6. Nc3 g6 7. e4 Bxf1 8. Kxf1 d6 9. Nf3 Bg7 10. g3 0-0 11. Kg2 Nbd7 12. h3 Qb6 13. Re1 Rfb8 14. Re2 Qa6 15. e5 Nxe5 16. Nxe5 dxe5 17. Rxe5 Ra7 18. Re2 Rd7 19. Qe1 Nxd5 20. Nxd5 Qb7 21. Kh2 Qxd5 22. Rxe7 Rxe7 23. Qxe7 Qd1 24. Qxc5 Re8 25. Qc6 Re2 26. Be3 Qxa1 27. Qa8+ Bf8 28. Bc5 Rxf2+ 29. Bxf2 Qxb2 30. Qa7 h5 31. a4 Bd6 32. Kg2 Qc3 33. Qb7 h4 34. gxh4 Qe5 35. Qf3 Qh2+ 36. Kf1 Bc7 37. Qg4 Qh1+ 38. Ke2 Qc1 39. h5 Qc2+ 40. Kf1 Qc1+ 41. Kg2 Qc6+ 42. Qf3 Qxf3+ 43. Kxf3 gxh5 44. Ke4 Kg7 45. Kf5 Bd8 46. Be1 Bb6 47. a5 Be3 48. Bb4 Ba7 49. Bd6 1-0

[Event "Doeberl Cup 43rd"]
[Site "Canberra"]
[Date "2005.03.27"]
[Round "5"]
[White "Szuveges, Narelle"]
[Black "Davis, Tony J"]
[Result "1-0"]
[WhiteElo "1765"]
[BlackElo "1878"]
[PlyCount "135"]
[EventDate "2005.03.25"]
[EventType "swiss"]
[EventRounds "7"]
[EventCountry "AUS"]
[SourceTitle "CBM 105 Extra"]
[Source "ChessBase"]
[SourceDate "2005.05.01"]
[SourceVersion "1"]
[SourceVersionDate "2005.05.01"]
[SourceQuality "1"]

1. d4 d5 2. c4 e6 3. Nc3 Nf6 4. cxd5 exd5 5. Bg5 Be7 6. Qc2 Nbd7 7. e3 Nf8 8. Bd3 Ne6 9. Bh4 g6 10. Nge2 c6 11. f3 0-0 12. Bf2 c5 13. dxc5 Nxc5 14. Nd4 Nxd3+ 15. Qxd3 Bd7 16. 0-0 a6 17. Rfd1 Rc8 18. Rac1 Re8 19. Nb3 Bc6 20. Nd4 Qb6 21. Nxc6 bxc6 22. b3 Qa7 23. Na4 c5 24. Qd2 Qb7 25. Nc3 Red8 26. Ne2 Bf8 27. Bh4 Bg7 28. Qa5 Re8 29. Rxc5 Rxe3 30. Rxc8+ Qxc8 31. Qd2 Re5 32. Bf2 Re8 33. Nd4 Qb7 34. Rc1 Rc8 35. Rxc8+ Qxc8 36. Qc2 Qxc2 37. Nxc2 Ne8 38. Kf1 Bf8 39. Ke2 f5 40. b4 Bd6 41. g3 Kf7 42. Kd3 Ke6 43. a4 h5 44. Nd4+ Kd7 45. Be1 Bc7 46. Nb3 Kc6 47. Nd4+ Kb7 48. Ne6 Bb6 49. h3 Bc7 50. Kd4 Kc6 51. Nf8 g5 52. Ne6 g4 53. fxg4 fxg4 54. h4 Bd6 55. Nd8+ Kc7 56. Nf7 Nf6 57. Nxd6 Kxd6 58. b5 axb5 59. axb5 Kc7 60. Ke5 Nd7+ 61. Kxd5 Kb6 62. Ke6 Nc5+ 63. Kf5 Nd3 64. Bd2 Kxb5 65. Kg5 Ne5 66. Kxh5 Nf3 67. Bf4 Nh2 68. Kg6 1-0

[Event "Doeberl Cup 43rd"]
[Site "Canberra"]
[Date "2005.03.26"]
[Round "3"]
[White "Bourmistrov, Denis"]
[Black "Szuveges, Narelle"]
[Result "1-0"]
[WhiteElo "2025"]
[BlackElo "1765"]
[PlyCount "113"]
[EventDate "2005.03.25"]
[EventType "swiss"]
[EventRounds "7"]
[EventCountry "AUS"]
[SourceTitle "CBM 105 Extra"]
[Source "ChessBase"]
[SourceDate "2005.05.01"]
[SourceVersion "1"]
[SourceVersionDate "2005.05.01"]
[SourceQuality "1"]

1. d4 Nf6 2. c4 c5 3. d5 b5 4. cxb5 a6 5. b6 Qxb6 6. Nc3 d6 7. e4 g6 8. Nf3 Nbd7 9. a4 Bg7 10. a5 Qc7 11. Be2 0-0 12. Nd2 Bb7 13. 0-0 e6 14. Nc4 exd5 15. exd5 Rfe8 16. Bf4 Ne5 17. Bxe5 dxe5 18. Nb6 Rad8 19. Qb3 e4 20. Bc4 Ng4 21. g3 Bxc3 22. bxc3 Ne5 23. Rad1 Qd6 24. Be2 Qf6 25. c4 Bc8 26. Nxc8 Rxc8 27. f4 Nd3 28. Bxd3 Qd4+ 29. Kh1 exd3 30. Qxd3 Qe4+ 31. Kg1 Rb8 32. d6 Qxd3 33. Rxd3 Re4 34. Rc1 Kf8 35. Rd5 Rd8 36. Rb1 Rxc4 37. Rb6 Rc2 38. Rxa6 c4 39. Rc6 c3 40. f5 Rd2 41. Rcc5 Rb8 42. Rb5 Rxb5 43. Rxb5 c2 44. Rb8+ Kg7 45. Rc8 Rd1+ 46. Kf2 c1Q 47. Rxc1 Rxc1 48. a6 Rd1 49. a7 Rxd6 50. a8Q Rf6 51. Qa1 gxf5 52. Kf3 Kg6 53. h4 h6 54. h5+ Kg5 55. Qe5 Ra6 56. Qf4+ Kxh5 57. Qxf5# 1-0